Science Quiz

Random Science or Physics Quiz

Science Matching Game Quiz Stats

 Plays Quiz Updated Aug 4, 2012

Also try: Science Grab Bag
Challenge
Share
Tweet
Embed
Score 0/16 Timer 04:00
0 Plays Today
Object Mass % Correct
Sun???
91.3%
human*???
87%
mountain gorilla*???
82.6%
bowling ball???
81.2%
elephant*???
80.3%
Moon???
78.8%
half-gallon of milk???
78.3%
hydrogen atom???
77.6%
Object Mass % Correct
raindrop*???
75.5%
Boeing 747 (max takeoff weight)???
74.8%
Earth???
74.7%
golfball???
73.2%
baseball???
70.6%
antibody molecule???
66.6%
hummingbird*???
60.2%
blue whale*???
55.1%

You're not logged in!

Compare scores with friends on all Sporcle quizzes.
Join for Free
OR
Log In

You Might Also Like...

Show Comments

Extras

Top Quizzes Today


Score Distribution

Your Account Isn't Verified!

In order to create a playlist on Sporcle, you need to verify the email address you used during registration. Go to your Sporcle Settings to finish the process.

Report this User

Report this user for behavior that violates our Community Guidelines.

Details: